[Event "CAN-op"]
[Site "Edmonton CAN"]
[Date "2009.07.15"]
[Round "5.19"]
[White "Plotkin, Victor"]
[Black "Gorelik, Lev"]
[Result "1-0"]
[WhiteElo "2310"]
[BlackElo "2079"]
[PlyCount "89"]
[GameId "2160767910156022"]
[EventDate "2009.07.11"]
[EventType "swiss"]
[EventRounds "9"]
[EventCountry "CAN"]

1. e4 c5 2. c3 Nf6 3. e5 Nd5 4. d4 cxd4 5. Nf3 Nc6 6. Bc4 Nb6 7. Bb3 e6 8. cxd4 d5 9. exd6 Bxd6 10. O-O O-O 11. Nc3 Ne7 12. Qd3 Ng6 13. Re1 Bd7 14. Ng5 Be7 15. h4 Bxg5 16. Bxg5 Qc7 17. h5 Nh8 18. h6 Ng6 19. hxg7 Rfc8 20. Ne4 Nd5 21. Bh6 Qd8 22. Qg3 Bc6 23. Rad1 Nf6 24. Nd6 Rc7 25. Rxe6 Nh5 26. Qh2 Nxg7 27. Re3 Rd7 28. Bxg7 Rxd6 29. Be5 Nxe5 30. Qxe5 Rg6 31. d5 Bd7 32. Bc2 f6 33. Qf4 Rg7 34. Rde1 Rc8 35. Bb3 Qf8 36. Rg3 Rxg3 37. Qxg3+ Kh8 38. Qf4 Qg7 39. g3 a6 40. Qd6 Re8 41. Rxe8+ Bxe8 42. Qd8 Qg6 43. d6 Kg7 44. Qe7+ Kh6 45. d7 1-0

[Event "CAN-op"]
[Site "Edmonton CAN"]
[Date "2009.07.15"]
[Round "5.20"]
[White "Pedersen, Rick"]
[Black "Haynes, Nicolas"]
[Result "0-1"]
[WhiteElo "2089"]
[BlackElo "2290"]
[PlyCount "108"]
[GameId "2160767910156023"]
[EventDate "2009.07.11"]
[EventType "swiss"]
[EventRounds "9"]
[EventCountry "CAN"]

1. e4 Nf6 2. Nc3 d6 3. d4 g6 4. Nf3 Bg7 5. h3 c6 6. Be3 b5 7. Bd3 Bb7 8. Qd2 a6 9. Rd1 Qc7 10. O-O e5 11. dxe5 dxe5 12. Bh6 O-O 13. Bxg7 Kxg7 14. Qg5 Nbd7 15. Nh4 Ng8 16. f4 f6 17. Qg4 Rad8 18. Ne2 c5 19. Ng3 Kf7 20. Ngf5 Nb6 21. fxe5 Qxe5 22. Nf3 Qc7 23. e5 Bxf3 24. e6+ Kxe6 25. Rde1+ Kf7 26. Rxf3 c4 27. Be4 Rfe8 28. Nh4 Qd6 29. Rfe3 Ne7 30. Qf3 Qc5 31. Kh1 Qg5 32. g3 Ned5 33. R3e2 Nc7 34. Ng2 Qc5 35. Rf1 Rd6 36. Nf4 Kg7 37. g4 Nd7 38. c3 Ne5 39. Qg2 Red8 40. Rfe1 Rd1 41. Kh2 Rxe1 42. Rxe1 Qd6 43. Kh1 Qd2 44. Rf1 Qe3 45. Nd5 Nxd5 46. Bxd5 Nd3 47. Bb7 a5 48. Bc6 Ne5 49. Bd5 Qg5 50. Be6 Re8 51. Bd5 Re7 52. Rf2 Nd3 53. Rd2 Re1+ 54. Kh2 Qf4+ 0-1

[Event "CAN-op"]
[Site "Edmonton CAN"]
[Date "2009.07.15"]
[Round "5.21"]
[White "Henry, Liam"]
[Black "Huang, Richard"]
[Result "1-0"]
[WhiteElo "2280"]
[BlackElo "1952"]
[PlyCount "93"]
[GameId "2160767910156024"]
[EventDate "2009.07.11"]
[EventType "swiss"]
[EventRounds "9"]
[EventCountry "CAN"]

1. e4 c5 2. Nf3 e6 3. d4 cxd4 4. Nxd4 Nc6 5. Nb5 d6 6. Bf4 e5 7. Be3 a6 8. N5c3 Nf6 9. Nd2 Ng4 10. Nd5 Nxe3 11. Nxe3 Be7 12. Bc4 O-O 13. O-O Be6 14. c3 Bg5 15. Re1 Na5 16. Bf1 Kh8 17. Nf3 Bxe3 18. Rxe3 Qe7 19. Qa4 Nc6 20. Rae1 Rfd8 21. h3 f6 22. c4 Rd7 23. b3 Rad8 24. Qa3 g5 25. Rd1 Na7 26. Red3 Nc8 27. g3 Rg8 28. Nh2 f5 29. exf5 Bxf5 30. Re3 Qf6 31. Qb2 Rf8 32. c5 dxc5 33. Rxd7 Bxd7 34. Qxe5 Qxe5 35. Rxe5 Rf5 36. Re1 Kg7 37. g4 Rd5 38. Bg2 Rd2 39. Bxb7 Rxa2 40. Bxc8 Bxc8 41. Re8 Ra1+ 42. Nf1 Bxg4 43. hxg4 Rb1 44. Re5 h6 45. Rxc5 Rxb3 46. Rc7+ Kf8 47. Rc6 1-0

[Event "CAN-op"]
[Site "Edmonton CAN"]
[Date "2009.07.15"]
[Round "5.22"]
[White "Yoos, John"]
[Black "Oussedik, Elias"]
[Result "1-0"]
[WhiteElo "2442"]
[BlackElo "2052"]
[PlyCount "59"]
[GameId "2160767910156025"]
[EventDate "2009.07.11"]
[EventType "swiss"]
[EventRounds "9"]
[EventCountry "CAN"]
[SourceTitle "EXT 2022"]
[Source "ChessBase"]
[SourceDate "2021.10.06"]
[SourceVersion "1"]
[SourceVersionDate "2021.10.06"]
[SourceQuality "1"]

1. e4 e6 2. d4 d5 3. e5 c5 4. c3 Nc6 5. Nf3 Bd7 6. a3 f6 7. Bd3 Qc7 8. O-O O-O-O 9. Re1 c4 10. Bf1 h6 11. Nbd2 f5 12. b3 cxb3 13. Nxb3 g5 14. a4 Kb8 15. Ba3 Bxa3 16. Rxa3 Nge7 17. a5 Ng6 18. Nc5 Bc8 19. Qa4 g4 20. Nd2 f4 21. Rb1 Ka8 22. Rab3 Nge7 23. Nxb7 Bxb7 24. Rxb7 Qxb7 25. Rxb7 Kxb7 26. Nb3 Rc8 27. Ba6+ Kc7 28. Bxc8 Nxc8 29. Nc5 Re8 30. Qb5 1-0

[Event "CAN-op"]
[Site "Edmonton CAN"]
[Date "2009.07.15"]
[Round "5.23"]
[White "Melekhina, Alisa"]
[Black "Tot, Nandor"]
[Result "1-0"]
[WhiteElo "2270"]
[BlackElo "1975"]
[PlyCount "79"]
[GameId "2160767910156026"]
[EventDate "2009.07.11"]
[EventType "swiss"]
[EventRounds "9"]
[EventCountry "CAN"]
[SourceTitle "EXT 2022"]
[Source "ChessBase"]
[SourceDate "2021.10.06"]
[SourceVersion "1"]
[SourceVersionDate "2021.10.06"]
[SourceQuality "1"]

1. e4 c5 2. Nc3 d6 3. g3 g6 4. Bg2 Bg7 5. d3 e5 6. Be3 Ne7 7. Qd2 Nbc6 8. Bh6 O-O 9. h4 f6 10. Bxg7 Kxg7 11. h5 g5 12. h6+ Kh8 13. Nd5 Nxd5 14. exd5 Ne7 15. c3 Ng6 16. Ne2 b5 17. a4 bxa4 18. Rxa4 Bd7 19. Ra6 Bb5 20. Ra3 c4 21. dxc4 Bxc4 22. b3 Bxe2 23. Qxe2 f5 24. O-O e4 25. Rfa1 Rf7 26. Qe3 Qe7 27. b4 Ne5 28. b5 Kg8 29. Qd4 Qb7 30. c4 Nd3 31. Qe3 g4 32. b6 a6 33. Qg5+ Kh8 34. Rxa6 Rg8 35. Qe3 Ne5 36. Ra7 Qb8 37. Rxf7 Nxf7 38. Qb3 Nd8 39. b7 Qc7 40. Ra8 1-0

[Event "CAN-op"]
[Site "Edmonton CAN"]
[Date "2009.07.15"]
[Round "5.24"]
[White "Tang, Edward"]
[Black "Reeve, Jeff"]
[Result "1-0"]
[WhiteElo "2053"]
[BlackElo "2314"]
[PlyCount "103"]
[GameId "2160767910156027"]
[EventDate "2009.07.11"]
[EventType "swiss"]
[EventRounds "9"]
[EventCountry "CAN"]
[SourceTitle "EXT 2022"]
[Source "ChessBase"]
[SourceDate "2021.10.06"]
[SourceVersion "1"]
[SourceVersionDate "2021.10.06"]
[SourceQuality "1"]

1. d4 Nf6 2. c4 g6 3. Nc3 Bg7 4. e4 d6 5. Nf3 O-O 6. Be2 e5 7. O-O Nc6 8. d5 Ne7 9. b4 a5 10. bxa5 Rxa5 11. a4 Nd7 12. Ba3 f5 13. Bb4 Ra8 14. Ne1 fxe4 15. Nxe4 Nf5 16. c5 Qh4 17. Qd3 dxc5 18. Nf3 Qe7 19. Bc3 Nd4 20. Neg5 e4 21. Nxe4 Rxf3 22. Bxf3 Ne5 23. Qd1 Ndxf3+ 24. gxf3 Bh3 25. Re1 Rf8 26. Re3 Rf4 27. Ng3 Qg5 28. Qe2 Nxf3+ 29. Rxf3 Qxd5 30. Bxg7 Rxf3 31. Qe5 Qd2 32. Nh1 Rf5 33. Qb2 Rg5+ 34. Ng3 Qd5 35. f4 Rg4 36. Bh8 Qg2+ 37. Qxg2 Bxg2 38. Kxg2 Kxh8 39. Rf1 b6 40. Kh3 h5 41. Ne4 Kg7 42. Nxc5 Kf6 43. Nd7+ Kf5 44. Ne5 Rxf4 45. Rxf4+ Kxf4 46. Nxg6+ Ke4 47. Kh4 c5 48. Kxh5 c4 49. Kg4 c3 50. Nf4 c2 51. Ne2 Kd3 52. Nc1+ 1-0

[Event "CAN-op"]
[Site "Edmonton CAN"]
[Date "2009.07.15"]
[Round "5.25"]
[White "Martchenko, Alexander"]
[Black "Daniluk, Jim"]
[Result "1/2-1/2"]
[WhiteElo "2314"]
[BlackElo "2005"]
[PlyCount "139"]
[GameId "2160767910156028"]
[EventDate "2009.07.11"]
[EventType "swiss"]
[EventRounds "9"]
[EventCountry "CAN"]

1. e4 c5 2. Nf3 Nc6 3. d4 cxd4 4. Nxd4 Nf6 5. Nc3 e5 6. Ndb5 d6 7. Bg5 a6 8. Na3 b5 9. Nd5 Be7 10. Bxf6 Bxf6 11. c4 bxc4 12. Nxc4 Nd4 13. Bd3 O-O 14. O-O Bb7 15. Nce3 g6 16. Bc4 Bg7 17. Qd3 a5 18. Nc2 Ne6 19. Rfd1 Qg5 20. Qg3 Qxg3 21. hxg3 Rfd8 22. f3 Ba6 23. Bxa6 Rxa6 24. b4 axb4 25. Ndxb4 Ra4 26. a3 f5 27. exf5 gxf5 28. Nc6 Rd7 29. N2b4 e4 30. Ra2 exf3 31. gxf3 f4 32. Nd5 Rb7 33. Nde7+ Kf8 34. Nf5 Be5 35. Nxd6 Bxd6 36. Rxd6 Ng5 37. Kg2 fxg3 38. Nd4 Nf7 39. Rd5 Rba7 40. Rd2 Kg7 41. Kxg3 R7a6 42. Nb5 Rg6+ 43. Kf2 Ng5 44. Rd7+ Kh6 45. R2d4 Nh3+ 46. Ke3 Re6+ 47. Kd2 Rxd4+ 48. Rxd4 Ng5 49. Rf4 Rb6 50. a4 Ne6 51. Rh4+ Kg6 52. Kc3 h5 53. Kb4 Kg5 54. Rh1 Nf4 55. a5 Nd3+ 56. Kc4 Ne5+ 57. Kc5 Ra6 58. Ra1 Nc6 59. Rg1+ Kf4 60. Nc7 Rxa5+ 61. Kxc6 Kxf3 62. Ne6 Kf2 63. Rh1 Kg2 64. Rb1 h4 65. Rb2+ Kg3 66. Rb3+ Kg4 67. Rb4+ Kg3 68. Rb3+ Kg4 69. Rb4+ Kg3 70. Rb3+ 1/2-1/2

[Event "CAN-op"]
[Site "Edmonton CAN"]
[Date "2009.07.15"]
[Round "5.27"]
[White "Araullo, Paolo"]
[Black "Kalisvaart, Peter"]
[Result "1-0"]
[WhiteElo "2047"]
[BlackElo "2255"]
[PlyCount "71"]
[GameId "2160767910156030"]
[EventDate "2009.07.11"]
[EventType "swiss"]
[EventRounds "9"]
[EventCountry "CAN"]
[SourceTitle "EXT 2022"]
[Source "ChessBase"]
[SourceDate "2021.10.06"]
[SourceVersion "1"]
[SourceVersionDate "2021.10.06"]
[SourceQuality "1"]

1. e4 e5 2. Nf3 Nc6 3. Bc4 Nf6 4. d3 Be7 5. O-O O-O 6. c3 d6 7. h3 Na5 8. Bb5 a6 9. Ba4 b5 10. Bc2 c5 11. d4 Qc7 12. Re1 Bd7 13. Nbd2 Rfc8 14. d5 c4 15. Nf1 Rab8 16. a3 Nb7 17. Ng3 Nc5 18. Nh2 a5 19. Ng4 b4 20. axb4 axb4 21. cxb4 Rxb4 22. Nxf6+ Bxf6 23. Nh5 Be7 24. Ra3 Bh4 25. Qd2 Qb6 26. Nxg7 Nb3 27. Bxb3 cxb3 28. g3 Rc2 29. Ra8+ Bc8 30. Rxc8+ Rxc8 31. Qh6 Bxg3 32. Be3 Bf4 33. Bxf4 exf4 34. Nh5 Qd4 35. Nf6+ Kh8 36. Qxh7# 1-0

[Event "CAN-op"]
[Site "Edmonton CAN"]
[Date "2009.07.15"]
[Round "5.28"]
[White "Davies, Lucas"]
[Black "Pradzinski, Tim"]
[Result "1-0"]
[WhiteElo "2244"]
[BlackElo "1969"]
[PlyCount "75"]
[GameId "2160767910156031"]
[EventDate "2009.07.11"]
[EventType "swiss"]
[EventRounds "9"]
[EventCountry "CAN"]
[SourceTitle "EXT 2022"]
[Source "ChessBase"]
[SourceDate "2021.10.06"]
[SourceVersion "1"]
[SourceVersionDate "2021.10.06"]
[SourceQuality "1"]

1. e4 c5 2. Nc3 d6 3. g3 Nf6 4. Bg2 Nc6 5. d3 e6 6. f4 Be7 7. Nf3 a6 8. O-O Qc7 9. h3 Bd7 10. Be3 O-O-O 11. d4 Nxd4 12. Nxd4 cxd4 13. Bxd4 e5 14. Be3 Bc6 15. a4 Kb8 16. a5 Rc8 17. Bb6 Qd7 18. Qd2 Bb5 19. Rfd1 Qc6 20. Rac1 Rhe8 21. f5 h6 22. h4 Bf8 23. Nxb5 Qxb5 24. c4 Qa4 25. Qc3 Nd7 26. b3 Qc6 27. Bf2 Be7 28. b4 f6 29. Qe3 Kc7 30. b5 axb5 31. cxb5 Qxc1 32. Rxc1+ Nc5 33. Qb3 b6 34. Bxc5 dxc5 35. Qd5 Kb8 36. axb6 Red8 37. Qa2 Rd7 38. Ra1 1-0

[Event "CAN-op"]
[Site "Edmonton CAN"]
[Date "2009.07.15"]
[Round "5.29"]
[White "Aird, Ian"]
[Black "Moffat, Andrei"]
[Result "0-1"]
[WhiteElo "2031"]
[BlackElo "2242"]
[PlyCount "58"]
[GameId "2160767910156032"]
[EventDate "2009.07.11"]
[EventType "swiss"]
[EventRounds "9"]
[EventCountry "CAN"]
[SourceTitle "EXT 2022"]
[Source "ChessBase"]
[SourceDate "2021.10.06"]
[SourceVersion "1"]
[SourceVersionDate "2021.10.06"]
[SourceQuality "1"]

1. e4 c5 2. Nf3 a6 3. c3 d5 4. d3 dxe4 5. dxe4 Qxd1+ 6. Kxd1 Nf6 7. Bd3 Nc6 8. Be3 e5 9. h3 h6 10. Nbd2 Be6 11. Ke2 Bd6 12. Bc4 Bd7 13. Rhd1 b6 14. Nf1 Bc7 15. Ng3 O-O 16. Nh4 Na5 17. Bd3 Be6 18. Nhf5 Rfd8 19. Ke1 Nc4 20. Bc1 b5 21. b3 Na5 22. Bc2 Nc6 23. Bb2 c4 24. b4 g6 25. Ne3 Bb6 26. Bc1 a5 27. Rxd8+ Bxd8 28. Bd2 axb4 29. cxb4 Be7 0-1

[Event "CAN-op"]
[Site "Edmonton CAN"]
[Date "2009.07.15"]
[Round "5.30"]
[White "Yearwood, Roy"]
[Black "Moura, Eduardo"]
[Result "1-0"]
[WhiteElo "2079"]
[BlackElo "2091"]
[PlyCount "23"]
[GameId "2160767910156033"]
[EventDate "2009.07.11"]
[EventType "swiss"]
[EventRounds "9"]
[EventCountry "CAN"]
[SourceTitle "EXT 2022"]
[Source "ChessBase"]
[SourceDate "2021.10.06"]
[SourceVersion "1"]
[SourceVersionDate "2021.10.06"]
[SourceQuality "1"]

1. e4 e5 2. Bc4 Bc5 3. Nc3 Nc6 4. Qg4 g6 5. Qf3 f6 6. Nge2 d6 7. d3 Na5 8. Bd5 Ne7 9. a3 Nxd5 10. exd5 Bd4 11. b4 Bxc3+ 12. Nxc3 1-0

[Event "CAN-op"]
[Site "Edmonton CAN"]
[Date "2009.07.15"]
[Round "5.31"]
[White "Moloney, Nicholas"]
[Black "Nadeau, Gabrielle"]
[Result "1-0"]
[WhiteElo "2230"]
[BlackElo "1912"]
[PlyCount "95"]
[GameId "2160767910156034"]
[EventDate "2009.07.11"]
[EventType "swiss"]
[EventRounds "9"]
[EventCountry "CAN"]
[SourceTitle "EXT 2022"]
[Source "ChessBase"]
[SourceDate "2021.10.06"]
[SourceVersion "1"]
[SourceVersionDate "2021.10.06"]
[SourceQuality "1"]

1. d4 Nf6 2. Bg5 d5 3. Bxf6 exf6 4. e3 Be7 5. Bd3 O-O 6. Nd2 Nd7 7. Ne2 c5 8. dxc5 Nxc5 9. Nb3 Nxd3+ 10. Qxd3 Be6 11. O-O Qc7 12. Nbd4 Rfe8 13. Nf4 Bf8 14. Rfd1 Rad8 15. Rd2 Qc4 16. c3 g6 17. Nb3 Qxd3 18. Rxd3 Bh6 19. Rad1 Bxf4 20. exf4 Rc8 21. f3 b6 22. Kf2 Rc4 23. Nd4 Ra4 24. a3 Bd7 25. Re3 Rxe3 26. Kxe3 Kf8 27. Nc2 Be6 28. Nb4 Ra5 29. Nc6 Ra4 30. Rd4 Ra6 31. g4 f5 32. g5 b5 33. Nb4 Rd6 34. Nd3 Bc8 35. Nc5 Ke7 36. Rd2 f6 37. h4 fxg5 38. hxg5 Rc6 39. Kd4 Kd6 40. b4 Rc7 41. Re2 a5 42. Re5 axb4 43. axb4 Ra7 44. Re8 Rc7 45. Rd8+ Kc6 46. Ke5 Bd7 47. Rxd7 Rxd7 48. Nxd7 1-0

[Event "CAN-op"]
[Site "Edmonton CAN"]
[Date "2009.07.15"]
[Round "5.32"]
[White "Kagramanov, Dalia"]
[Black "Davies, Noam"]
[Result "1-0"]
[WhiteElo "1941"]
[BlackElo "2214"]
[PlyCount "59"]
[GameId "2160767910156035"]
[EventDate "2009.07.11"]
[EventType "swiss"]
[EventRounds "9"]
[EventCountry "CAN"]
[SourceTitle "EXT 2022"]
[Source "ChessBase"]
[SourceDate "2021.10.06"]
[SourceVersion "1"]
[SourceVersionDate "2021.10.06"]
[SourceQuality "1"]

1. e4 c5 2. Nf3 d6 3. d4 cxd4 4. Nxd4 Nf6 5. Nc3 a6 6. Bd3 e6 7. Be3 Qc7 8. f4 b5 9. a3 Bb7 10. O-O Nbd7 11. Qe2 Nb6 12. Rad1 Nfd7 13. f5 e5 14. Nb3 Rc8 15. Kh1 Be7 16. Qg4 Bf6 17. Rf2 Nc5 18. Bxb5+ Ke7 19. Nxc5 dxc5 20. Bf1 Nd7 21. Nd5+ Bxd5 22. exd5 Kd6 23. Bxa6 Rb8 24. c4 Rb3 25. Bc1 h5 26. Qe4 h4 27. Bb5 Nb6 28. Rd3 Rxd3 29. Qxd3 Qd8 30. b4 1-0

[Event "CAN-op"]
[Site "Edmonton CAN"]
[Date "2009.07.15"]
[Round "5.33"]
[White "Motuz, Vitaly"]
[Black "Hambleton, Aman"]
[Result "0-1"]
[WhiteElo "1905"]
[BlackElo "2206"]
[PlyCount "80"]
[GameId "2160767910156036"]
[EventDate "2009.07.11"]
[EventType "swiss"]
[EventRounds "9"]
[EventCountry "CAN"]

1. e4 e6 2. d4 d5 3. Nc3 Bb4 4. e5 c5 5. a3 Bxc3+ 6. bxc3 Ne7 7. Nf3 b6 8. Bd3 Ba6 9. O-O Qc7 10. Bg5 h6 11. Be3 Bxd3 12. Qxd3 cxd4 13. cxd4 Nbc6 14. c4 dxc4 15. Qxc4 Rc8 16. Rfc1 O-O 17. Qa6 Qd7 18. Qe2 Rfd8 19. g4 Qd5 20. h3 Qe4 21. Qd1 Nd5 22. Nd2 Nxe3 23. Nxe4 Nxd1 24. Nd6 Rc7 25. Rxd1 Ne7 26. Rac1 Rdd7 27. Kg2 Nd5 28. Kg3 Nc3 29. Re1 Ne2+ 30. Rxe2 Rxc1 31. Re3 a6 32. f4 Rdc7 33. Ne4 Rd1 34. f5 Rxd4 35. f6 Rcd7 36. fxg7 Rd3 37. Nf6+ Kxg7 38. Nxd7 Rxe3+ 39. Kf4 Rxa3 40. Nxb6 Rxh3 0-1

[Event "CAN-op"]
[Site "Edmonton CAN"]
[Date "2009.07.15"]
[Round "5.34"]
[White "Kagramanov, Dina"]
[Black "McKay, Arnold"]
[Result "1-0"]
[WhiteElo "2140"]
[BlackElo "1889"]
[PlyCount "57"]
[GameId "2160767910156037"]
[EventDate "2009.07.11"]
[EventType "swiss"]
[EventRounds "9"]
[EventCountry "CAN"]
[SourceTitle "EXT 2022"]
[Source "ChessBase"]
[SourceDate "2021.10.06"]
[SourceVersion "1"]
[SourceVersionDate "2021.10.06"]
[SourceQuality "1"]

1. e4 c5 2. Nf3 Nc6 3. Bb5 a6 4. Bxc6 dxc6 5. h3 g6 6. d3 Bg7 7. Nc3 Nf6 8. O-O O-O 9. Be3 b6 10. Qd2 Nd7 11. Bh6 Qc7 12. Nh2 e5 13. Bxg7 Kxg7 14. f4 f5 15. Rae1 exf4 16. exf5 Ne5 17. Qxf4 Rxf5 18. Qg3 Rxf1+ 19. Nxf1 Kf6 20. Ne4+ Kg7 21. Ng5 h6 22. Rxe5 hxg5 23. Qxg5 Ra7 24. Ng3 Qf7 25. Nh5+ Kh7 26. Nf6+ Kg7 27. Ne8+ Kh7 28. Qh4+ Kg8 29. Nd6 1-0

[Event "CAN-op"]
[Site "Edmonton CAN"]
[Date "2009.07.15"]
[Round "5.35"]
[White "Wu, Allan"]
[Black "Van Heirzeele, Daniel"]
[Result "1/2-1/2"]
[WhiteElo "1867"]
[BlackElo "2137"]
[PlyCount "57"]
[GameId "2160767910156038"]
[EventDate "2009.07.11"]
[EventType "swiss"]
[EventRounds "9"]
[EventCountry "CAN"]

1. c4 Nf6 2. Nc3 c5 3. Nf3 e6 4. d4 cxd4 5. Nxd4 Bb4 6. Qc2 Nc6 7. Nxc6 bxc6 8. a3 Be7 9. e4 e5 10. Be2 O-O 11. O-O a5 12. Be3 d6 13. f3 Be6 14. b4 Qc7 15. Rfc1 Rfc8 16. Na4 Rab8 17. Qb2 axb4 18. axb4 Qd8 19. Nc3 Rb7 20. Ra6 Rcb8 21. b5 Bd7 22. Rca1 Ne8 23. Ba7 Nc7 24. R6a5 Ra8 25. b6 Ne6 26. Na4 Bc8 27. c5 dxc5 28. Ba6 Rbxa7 29. bxa7 1/2-1/2

[Event "CAN-op"]
[Site "Edmonton CAN"]
[Date "2009.07.15"]
[Round "5.36"]
[White "Perron, Sean"]
[Black "Deimert, Elroy"]
[Result "1-0"]
[WhiteElo "2132"]
[BlackElo "1580"]
[PlyCount "99"]
[GameId "2160767910156039"]
[EventDate "2009.07.11"]
[EventType "swiss"]
[EventRounds "9"]
[EventCountry "CAN"]
[SourceTitle "EXT 2022"]
[Source "ChessBase"]
[SourceDate "2021.10.06"]
[SourceVersion "1"]
[SourceVersionDate "2021.10.06"]
[SourceQuality "1"]

1. e4 d5 2. exd5 Nf6 3. d4 Nxd5 4. c4 Nb6 5. Nc3 e5 6. dxe5 Qxd1+ 7. Nxd1 Be6 8. Ne3 Nc6 9. Nf3 Bc5 10. a3 Bxe3 11. Bxe3 Nxc4 12. Bxc4 Bxc4 13. O-O-O Be2 14. Rde1 Bd3 15. Bd2 O-O 16. Bc3 a5 17. Re3 Bf5 18. Nh4 Be6 19. f4 a4 20. f5 Bb3 21. Nf3 Rfe8 22. Rhe1 Rad8 23. Nd2 Nd4 24. Bxd4 Rxd4 25. Nxb3 axb3 26. Rxb3 b6 27. Rc3 c5 28. g3 g6 29. f6 h5 30. Rce3 Rc4+ 31. Kb1 Rd4 32. Kc2 Red8 33. R1e2 c4 34. Re4 b5 35. Rxd4 Rxd4 36. Kc3 Rd3+ 37. Kb4 Rb3+ 38. Kc5 c3 39. bxc3 Rxc3+ 40. Kb4 Rd3 41. Rc2 Rd5 42. Rc8+ Kh7 43. Rc5 Rd4+ 44. Kxb5 Kh6 45. a4 Kg5 46. a5 Rd2 47. a6 Rb2+ 48. Kc6 Ra2 49. Kb6 Rb2+ 50. Rb5 1-0

[Event "CAN-op"]
[Site "Edmonton CAN"]
[Date "2009.07.15"]
[Round "5.37"]
[White "Janzen, Tyler"]
[Black "Sali, Zulfikar"]
[Result "0-1"]
[WhiteElo "1656"]
[BlackElo "2126"]
[PlyCount "50"]
[GameId "2160767910156040"]
[EventDate "2009.07.11"]
[EventType "swiss"]
[EventRounds "9"]
[EventCountry "CAN"]
[SourceTitle "EXT 2022"]
[Source "ChessBase"]
[SourceDate "2021.10.06"]
[SourceVersion "1"]
[SourceVersionDate "2021.10.06"]
[SourceQuality "1"]

1. d4 Nf6 2. c4 g6 3. Nc3 Bg7 4. e4 O-O 5. Nf3 d6 6. Be2 c6 7. O-O Nbd7 8. Bf4 Nh5 9. Be3 e5 10. dxe5 dxe5 11. Qd2 Re8 12. Rad1 Qe7 13. Ne1 Nf4 14. Bxf4 exf4 15. Qxf4 Bxc3 16. bxc3 Qxe4 17. Qxe4 Rxe4 18. Rd2 Re8 19. Nc2 Nc5 20. Rfd1 Na4 21. Rd8 Bf5 22. Rxa8 Rxa8 23. Nd4 Nxc3 24. Rd2 Rd8 25. Bf1 Nb1 0-1

[Event "CAN-op"]
[Site "Edmonton CAN"]
[Date "2009.07.15"]
[Round "5.38"]
[White "Gluckie, Jamin"]
[Black "Ebrahim Shirazi, Behrooz"]
[Result "1/2-1/2"]
[WhiteElo "2089"]
[BlackElo "2075"]
[PlyCount "64"]
[GameId "2160767910156041"]
[EventDate "2009.07.11"]
[EventType "swiss"]
[EventRounds "9"]
[EventCountry "CAN"]

1. d4 d5 2. c4 e6 3. Nc3 Be7 4. cxd5 exd5 5. Bf4 c6 6. e3 Bf5 7. g4 Bg6 8. h4 h6 9. h5 Bh7 10. Bd3 Bxd3 11. Qxd3 Nf6 12. f3 Na6 13. O-O-O Qd7 14. Kb1 Nc7 15. Nh3 O-O-O 16. Nf2 Rde8 17. e4 dxe4 18. fxe4 Nxg4 19. Nxg4 Qxg4 20. Bxc7 Kxc7 21. d5 Bf6 22. dxc6 bxc6 23. Qd6+ Kb7 24. Qd7+ Qxd7 25. Rxd7+ Kb6 26. Rxf7 Bxc3 27. bxc3 Rxe4 28. Rxg7 Re5 29. Rg6 Kc5 30. Rh2 a5 31. Kc2 Rd5 32. Rf6 Rg5 1/2-1/2

[Event "CAN-op"]
[Site "Edmonton CAN"]
[Date "2009.07.15"]
[Round "5.39"]
[White "Doubleday, William"]
[Black "Houston, Michael"]
[Result "1-0"]
[WhiteElo "2198"]
[BlackElo "1269"]
[PlyCount "46"]
[GameId "2160767910156042"]
[EventDate "2009.07.11"]
[EventType "swiss"]
[EventRounds "9"]
[EventCountry "CAN"]
[SourceTitle "EXT 2022"]
[Source "ChessBase"]
[SourceDate "2021.10.06"]
[SourceVersion "1"]
[SourceVersionDate "2021.10.06"]
[SourceQuality "1"]

1. d4 g6 2. c4 Bg7 3. Nc3 c5 4. e3 cxd4 5. exd4 d6 6. Nf3 Bg4 7. Be2 Nc6 8. Be3 h6 9. O-O Qd7 10. Re1 Nf6 11. h3 Bxf3 12. Bxf3 e5 13. d5 Ne7 14. c5 O-O 15. Qd2 Kh7 16. Rad1 Rfd8 17. b4 a6 18. cxd6 Qxd6 19. Bc5 Qd7 20. Rxe5 Nfxd5 21. Rxe7 Bxc3 22. Rxd7 Bxd2 23. Rxd8 Rxd8 1-0

[Event "CAN-op"]
[Site "Edmonton CAN"]
[Date "2009.07.15"]
[Round "5.40"]
[White "Kaptsan, Aron"]
[Black "Caughlin, Wade"]
[Result "1/2-1/2"]
[WhiteElo "2027"]
[BlackElo "1885"]
[PlyCount "47"]
[GameId "2160767910156043"]
[EventDate "2009.07.11"]
[EventType "swiss"]
[EventRounds "9"]
[EventCountry "CAN"]
[SourceTitle "EXT 2022"]
[Source "ChessBase"]
[SourceDate "2021.10.06"]
[SourceVersion "1"]
[SourceVersionDate "2021.10.06"]
[SourceQuality "1"]

1. d4 Nf6 2. Nf3 d5 3. c4 e6 4. Nc3 c6 5. e3 Nbd7 6. Bd3 dxc4 7. Bxc4 b5 8. Bd3 a6 9. e4 c5 10. d5 exd5 11. exd5 Bd6 12. O-O O-O 13. Bg5 Bc7 14. Rc1 c4 15. Bb1 Bb7 16. a3 h6 17. Bh4 Rc8 18. Qc2 g6 19. Rcd1 Kg7 20. Bg3 Bxg3 21. hxg3 Qb6 22. Nh4 Ne5 23. Qd2 Rcd8 24. Qd4 1/2-1/2

[Event "CAN-op"]
[Site "Edmonton CAN"]
[Date "2009.07.15"]
[Round "5.41"]
[White "Willis, Bradley"]
[Black "Bentley, Bill"]
[Result "1-0"]
[WhiteElo "2072"]
[BlackElo "1854"]
[PlyCount "65"]
[GameId "2160767910156044"]
[EventDate "2009.07.11"]
[EventType "swiss"]
[EventRounds "9"]
[EventCountry "CAN"]
[SourceTitle "EXT 2022"]
[Source "ChessBase"]
[SourceDate "2021.10.06"]
[SourceVersion "1"]
[SourceVersionDate "2021.10.06"]
[SourceQuality "1"]

1. d4 Nf6 2. Nf3 e6 3. e3 c5 4. Bd3 d5 5. b3 Be7 6. Nbd2 O-O 7. Bb2 b6 8. Ne5 Bb7 9. Qf3 Nbd7 10. Qh3 g6 11. O-O Ne4 12. Ndf3 Rc8 13. Nxd7 Qxd7 14. Ne5 Qd8 15. f3 Nd6 16. c4 Nf5 17. Ng4 cxd4 18. exd4 dxc4 19. bxc4 Nxd4 20. Rad1 Bc5 21. Kh1 f6 22. Qh6 Rc7 23. Rfe1 e5 24. f4 Qa8 25. Ne3 Nf5 26. Bxf5 gxf5 27. Nd5 Bxd5 28. Rxd5 Bb4 29. Red1 Rxc4 30. Rd7 Rf7 31. Rxf7 Kxf7 32. Qxh7+ Ke6 33. Qd7# 1-0

[Event "CAN-op"]
[Site "Edmonton CAN"]
[Date "2009.07.15"]
[Round "5.42"]
[White "Green, Aaron"]
[Black "Sohal, Tanraj"]
[Result "0-1"]
[WhiteElo "1818"]
[BlackElo "2072"]
[PlyCount "28"]
[GameId "2160767910156045"]
[EventDate "2009.07.11"]
[EventType "swiss"]
[EventRounds "9"]
[EventCountry "CAN"]
[SourceTitle "EXT 2022"]
[Source "ChessBase"]
[SourceDate "2021.10.06"]
[SourceVersion "1"]
[SourceVersionDate "2021.10.06"]
[SourceQuality "1"]

1. e4 c5 2. Nf3 Nc6 3. d4 cxd4 4. Nxd4 Nf6 5. Nc3 e6 6. Ndb5 d6 7. a4 a6 8. Na3 h6 9. Be3 d5 10. exd5 exd5 11. Qe2 Be6 12. Rd1 Bxa3 13. bxa3 d4 14. Bf4 Qa5 0-1